000
00300nam a22001337a 4500
008
171101b xxu||||| |||| 00| 0 eng d
020
_a
9780077381929
041
_a
eng
080
_a
339.9
100
_a
59
101
_a
GLO
245
_a
TAKING SIDES GLOBAL ISSUESS
_c
HART.J.E
942
_2
udc
_c
BK
999
_c
37118
_d
37118